000 01020cab a2200205 4500
001 ##L131711
008 051201n2005 000 0 eng u
035 _a(Sirsi) u131711
041 0 _aeng
100 1 _aCrossley, Gary
245 0 0 _aDangerous liaisons
260 _c2005
490 0 _aBuilding
_v270(8408) 25 November 2005, 62-63(2)
520 _aThe latest KPMG Global Construction Survey reveals that 75% of respondents are prepared to override risk management policies to secure a contract. Abdication of risk by clients is perceived to be the main cause of contractual disputes, although only a small percentage of disputes lead to litigation or arbitration. The top three challenges facing the industry are identified as risk management, lack of qualified staff, and securing of forward workload. Pie chart. Graph.
590 _aIKA061205
650 2 4 _aKPMG GLOBAL CONSTRUCTION SURVEY
690 _aMANAGEMENT-HEALTH AND SAFETY-HEALTH AND SAFETY RISK MANAGEMENT
700 1 _aFirth, Leon
942 _n0
999 _c76253
_d76253